|
|
|
|
| LEADER |
00000nam a22000007a 4500 |
| 001 |
29290 |
| 003 |
CZ-ZlUTB |
| 005 |
20190825235711.0 |
| 007 |
ta |
| 008 |
061121s2006 xr f |||| 0 cze d |
| 020 |
|
|
|a 8073184648
|
| 040 |
|
|
|a ZLD002
|b cze
|
| 041 |
0 |
|
|a cze
|
| 072 |
|
7 |
|a 005
|x Management. Řízení
|2 Konspekt
|9 4
|
| 080 |
|
|
|a 005.8
|2 v
|
| 080 |
|
|
|a (075.8)
|2 v
|
| 080 |
|
|
|a 659
|2 v
|
| 100 |
1 |
|
|a Krchová, Hana,
|d 1977-
|7 mzk2005318174
|
| 245 |
1 |
0 |
|a Řízení životního cyklu projektů v Komunikační agentuře FMK /
|c Hana Krchová
|
| 250 |
|
|
|a Vyd. 1.
|
| 260 |
|
|
|a Zlín :
|b Univerzita Tomáše Bati ve Zlíně. Fakulta multimediálních komunikací
|c 2006
|
| 300 |
|
|
|a 132 s. :
|b il., tab. ;
|c 30 cm
|
| 490 |
1 |
|
|a Učební texty vysokých škol
|
| 504 |
|
|
|a Obsahuje seznam literatury
|
| 650 |
0 |
7 |
|a projektový management
|7 ph115894
|2 czenas
|
| 655 |
|
7 |
|a vysokoškolská skripta
|7 fd190824
|2 czenas
|
| 650 |
0 |
7 |
|a marketingová komunikace
|7 ph115228
|2 czenas
|
| 710 |
2 |
|
|a Univerzita Tomáše Bati ve Zlíně.
|b Fakulta multimediálních komunikací
|7 kn20020610008
|
| 810 |
2 |
|
|a Univerzita Tomáše Bati ve Zlíně.
|t Učební texty vysokých škol
|0 s
|
| 910 |
|
|
|a ZLD002
|
| 952 |
|
|
|0 0
|1 0
|4 0
|6 S659KRCHOVÁH
|7 0
|8 BOOK
|9 70871
|a UTBZL
|b UTBZL
|c 030
|d 2006-11-21
|l 2
|o S659/KRCHOVÁ,H.
|p 420010103889
|r 2019-08-25 00:00:00
|v 127.00
|w 2019-08-25
|x N:povinný výtisk | 20100831
|y 05
|
| 952 |
|
|
|0 0
|1 0
|4 0
|6 S659KRCHOVÁH
|7 0
|8 BOOK
|9 70872
|a UTBZL
|b UTBZL
|c 030
|d 2006-11-21
|l 4
|o S659/KRCHOVÁ,H.
|p 420010103890
|r 2019-08-25 00:00:00
|v 127.00
|w 2019-08-25
|x N:povinný výtisk | 20100831
|y 05
|
| 952 |
|
|
|0 0
|1 0
|4 0
|6 S659KRCHOVÁH
|7 0
|8 BOOK
|9 70873
|a UTBZL
|b UTBZL
|c 030
|d 2006-11-21
|l 4
|o S659/KRCHOVÁ,H.
|p 420010103891
|r 2019-08-25 00:00:00
|v 127.00
|w 2019-08-25
|x N:povinný výtisk | 20100831
|y 05
|
| 952 |
|
|
|0 0
|1 0
|4 0
|6 S659KRCHOVÁH
|7 0
|8 BOOK
|9 70874
|a UTBZL
|b UTBZL
|c 030
|d 2006-11-21
|l 5
|m 3
|o S659/KRCHOVÁ,H.
|p 420010103892
|r 2021-06-17 00:00:00
|s 2021-03-01
|v 127.00
|w 2019-08-25
|x N:povinný výtisk | 20100831
|y 05
|
| 992 |
|
|
|a BK
|b SK
|d 14
|
| 999 |
|
|
|c 29290
|d 29290
|